Statistics for woh imposrer among us???

Click here to take the quiz!

General Stats

  • This quiz has been taken 78 times
  • The average score is 26 of 45

Answer Stats

QuestionTileSelect% Correct
who is the impstoress?greenNo
90%
who is the impstoress?orangeNo
90%
who is the impstoress?pinkNo
90%
where did bronw dye?reactrNo
90%
where did bronw dye?mebyadNo
88%
who is the impstoress?yellowNo
88%
where did bronw dye?oh twoNo
86%
who is the impstoress?whiteNo
86%
whew deid already?redNo
84%
where did bronw dye?wepnsoNo
84%
where did bronw dye?amenNo
82%
whew deid already?blackNo
82%
where did bronw dye?coridorNo
82%
who is the impstoress?purpleNo
82%
taksfdone?grey (sus)No
80%
taksfdone?maroon (sus)No
80%
taksfdone?black (sus)No
78%
taksfdone?brown (sus)No
78%
whew deid already?limeNo
78%
whew deid already?orangeNo
78%
whew deid already?pinkNo
78%
where did bronw dye?storageNo
78%
where did bronw dye?cafeedteiraNo
76%
who is the impstoress?limeNo
76%
taksfdone?cyan (sus)No
74%
pink scaned who next?pinkNo
68%
who is the impstoress?redYes
68%
taksfdone?red (sus)No
46%
whew deid already?brownYes
44%
where did bronw dye?elektricaYes
40%
pink scaned who next?redYes
26%
pink scaned who next?redYes
26%
pink scaned who next?redYes
24%
pink scaned who next?redYes
22%
pink scaned who next?redYes
22%
pink scaned who next?redYes
18%
pink scaned who next?redYes
18%
taksfdone?orange (sus)Yes
16%
who is the impstoress?blackYes
14%
pink scaned who next?redYes
14%
whew deid already?yellowYes
12%
taksfdone?white (sus)Yes
10%
taksfdone?blue (sus)Yes
8%
whew deid already?greenYes
8%
whew deid already?purpleYes
8%

Score Distribution

Percentile by Number Answered

Percent of People with Each Score

Your Score History

You have not taken this quiz